000 00268nam a2200121Ia 4500
005 20251222144845.0
008 251222s9999||||xx |||||||||||||| ||spa||
020 _a84-239-1927-7
082 _a888.6/P68
100 _aPlutarco
245 0 _aSobre el amor
942 _cLIB
999 _c21365
_d21365